[Event "8th Vellmar Chess Days"]
[Site "chess24.com"]
[Date "2016.07.31"]
[Round "6"]
[White "Rehbein, Ullrich"]
[Black "Nielsen, Michael Volstrup"]
[Result "0-1"]
[Board "47"]
[WhiteElo "1800"]
[WhiteTeam "TG Wehlheiden"]
[WhiteCountry "GER"]
[WhiteFideId "4681037"]
[WhiteEloChange "-9"]
[BlackElo "1827"]
[BlackTeam "Sydøstlolland Skakklub"]
[BlackCountry "DEN"]
[BlackFideId "1454749"]
[BlackEloChange "9"]

1. Nf3 {[%clk 1:30:30]} c5 {[%clk 1:30:30]} 2. g3 {[%clk 1:30:30]} Nf6 {[%clk
1:30:30]} 3. Bg2 {[%clk 1:30:30]} g6 {[%clk 1:30:30]} 4. O-O {[%clk 1:30:30]} Bg7
{[%clk 1:30:30]} 5. d3 {[%clk 1:30:30]} O-O {[%clk 1:30:30]} 6. e4 {[%clk
1:30:30]} Nc6 {[%clk 1:30:30]} 7. Be3 {[%clk 1:30:30]} Ng4 {[%clk 1:30:30]} 8.
Bc1 {[%clk 1:30:30]} d6 {[%clk 1:30:30]} 9. h3 {[%clk 1:30:30]} Nf6 {[%clk
1:30:30]} 10. Nc3 {[%clk 1:30:30]} Bd7 {[%clk 1:30:30]} 11. Be3 {[%clk 1:30:30]}
a6 {[%clk 1:30:30]} 12. Qd2 {[%clk 1:30:30]} Re8 {[%clk 1:30:30]} 13. a4 {[%clk
1:30:30]} Nb4 {[%clk 1:30:30]} 14. a5 {[%clk 1:30:30]} b5 {[%clk 1:30:30]} 15.
axb6 {[%clk 1:30:30]} Qxb6 {[%clk 1:30:30]} 16. d4 {[%clk 1:30:30]} cxd4 {[%clk
1:30:30]} 17. Nxd4 {[%clk 1:30:30]} Qc7 {[%clk 1:30:30]} 18. Na2 {[%clk 1:30:30]}
Nc6 {[%clk 1:30:30]} 19. Nc3 {[%clk 1:30:30]} Rec8 {[%clk 1:30:30]} 20. Nxc6
{[%clk 1:30:30]} Bxc6 {[%clk 1:30:30]} 21. Ra3 {[%clk 1:30:30]} Qb7 {[%clk
1:30:30]} 22. Rb3 {[%clk 1:30:30]} Qd7 {[%clk 1:30:30]} 23. Ra1 {[%clk 1:30:30]}
Ne8 {[%clk 1:30:30]} 24. Nd5 {[%clk 1:30:30]} Bxd5 {[%clk 1:30:30]} 25. Qxd5
{[%clk 1:30:30]} Rab8 {[%clk 1:30:30]} 26. c3 {[%clk 1:30:30]} Nf6 {[%clk
1:30:30]} 27. Qd1 {[%clk 1:30:30]} Qe6 {[%clk 1:30:30]} 28. Rxb8 {[%clk 1:30:30]}
Rxb8 {[%clk 1:30:30]} 29. Rxa6 {[%clk 1:30:30]} Nxe4 {[%clk 1:30:30]} 30. Qa1
{[%clk 1:30:30]} Nxg3 {[%clk 1:30:30]} 31. Ra8 {[%clk 1:30:30]} Rf8 {[%clk
1:30:30]} 32. Rxf8+ {[%clk 1:30:30]} Bxf8 {[%clk 1:30:30]} 33. Qa8 {[%clk
1:30:30]} Nf5 {[%clk 1:30:30]} 34. Bd5 {[%clk 1:30:30]} Qe5 {[%clk 1:30:30]} 35.
Bd2 {[%clk 1:30:30]} e6 {[%clk 1:30:30]} 36. Be4 {[%clk 1:30:30]} d5 {[%clk
1:30:30]} 37. Bxf5 {[%clk 1:30:30]} gxf5 {[%clk 1:30:30]} 38. Qd8 {[%clk
1:30:30]} Qd6 {[%clk 1:30:30]} 39. Qg5+ {[%clk 1:30:30]} Bg7 {[%clk 1:30:30]} 40.
Be3 {[%clk 1:30:30]} h6 {[%clk 1:30:30]} 41. Qg2 {[%clk 1:30:30]} e5 {[%clk
1:30:30]} 42. f4 {[%clk 1:30:30]} e4 {[%clk 1:30:30]} 43. Bd4 {[%clk 1:30:30]}
Qg6 {[%clk 1:30:30]} 44. Bc5 {[%clk 1:30:30]} Qc6 {[%clk 1:30:30]} 45. b4 {[%clk
1:30:30]} Kh7 {[%clk 1:30:30]} 46. Qd2 {[%clk 1:30:30]} Qg6+ {[%clk 1:30:30]} 47.
Kf2 {[%clk 1:30:30]} Qh5 {[%clk 1:30:30]} 48. Kg3 {[%clk 1:30:30]} Qf3+ {[%clk
1:30:30]} 49. Kh2 {[%clk 1:30:30]} Bxc3 {[%clk 1:30:30]} 50. Qg2 {[%clk 1:30:30]}
Qxf4+ {[%clk 1:30:30]} 51. Qg3 {[%clk 1:30:30]} Qxg3+ {[%clk 1:30:30]} 52. Kxg3
{[%clk 1:30:30]} Be5+ {[%clk 1:30:30]} 0-1

[Event "8th Vellmar Chess Days"]
[Site "chess24.com"]
[Date "2016.07.31"]
[Round "6"]
[White "Reitz, Philipp"]
[Black "Kuschel, Heidi"]
[Result "1-0"]
[Board "48"]
[WhiteElo "1924"]
[WhiteTeam "VfR-SC Koblenz"]
[WhiteCountry "GER"]
[WhiteFideId "12973297"]
[WhiteEloChange "5"]
[BlackElo "1730"]
[BlackTeam "SVG Lauterbach"]
[BlackCountry "GER"]
[BlackFideId "12974587"]
[BlackEloChange "-5"]

1. e4 {[%clk 1:30:30]} e5 {[%clk 1:30:30]} 2. Nf3 {[%clk 1:30:30]} Nc6 {[%clk
1:30:30]} 3. Bb5 {[%clk 1:30:30]} Nf6 {[%clk 1:30:30]} 4. O-O {[%clk 1:30:30]}
Be7 {[%clk 1:30:30]} 5. Re1 {[%clk 1:30:30]} d6 {[%clk 1:30:30]} 6. h3 {[%clk
1:30:30]} O-O {[%clk 1:30:30]} 7. c3 {[%clk 1:30:30]} Bd7 {[%clk 1:30:30]} 8. d4
{[%clk 1:30:30]} exd4 {[%clk 1:30:30]} 9. cxd4 {[%clk 1:30:30]} a6 {[%clk
1:30:30]} 10. Bf1 {[%clk 1:30:30]} h6 {[%clk 1:30:30]} 11. Nc3 {[%clk 1:30:30]}
b5 {[%clk 1:30:30]} 12. a3 {[%clk 1:30:30]} Na5 {[%clk 1:30:30]} 13. Bf4 {[%clk
1:30:30]} c5 {[%clk 1:30:30]} 14. b4 {[%clk 1:30:30]} cxb4 {[%clk 1:30:30]} 15.
axb4 {[%clk 1:30:30]} Nc6 {[%clk 1:30:30]} 16. Qb3 {[%clk 1:30:30]} Qb6 {[%clk
1:30:30]} 17. d5 {[%clk 1:30:30]} Nd8 {[%clk 1:30:30]} 18. Be3 {[%clk 1:30:30]}
Qb7 {[%clk 1:30:30]} 19. Nd4 {[%clk 1:30:30]} Nh7 {[%clk 1:30:30]} 20. Rec1
{[%clk 1:30:30]} f5 {[%clk 1:30:30]} 21. exf5 {[%clk 1:30:30]} Bxf5 {[%clk
1:30:30]} 22. Nxf5 {[%clk 1:30:30]} Rxf5 {[%clk 1:30:30]} 23. Bd3 {[%clk
1:30:30]} Rf8 {[%clk 1:30:30]} 24. Ne4 {[%clk 1:30:30]} Nf6 {[%clk 1:30:30]} 25.
Nc3 {[%clk 1:30:30]} Kh8 {[%clk 1:30:30]} 26. Ra2 {[%clk 1:30:30]} Ne8 {[%clk
1:30:30]} 27. Rca1 {[%clk 1:30:30]} Nc7 {[%clk 1:30:30]} 28. Bb1 {[%clk 1:30:30]}
Bf6 {[%clk 1:30:30]} 29. Qc2 {[%clk 1:30:30]} Kg8 {[%clk 1:30:30]} 30. Ra3 {[%clk
1:30:30]} Ne8 {[%clk 1:30:30]} 31. R1a2 {[%clk 1:30:30]} Bxc3 {[%clk 1:30:30]}
32. Rxc3 {[%clk 1:30:30]} Qxd5 {[%clk 1:30:30]} 33. Qh7+ {[%clk 1:30:30]} Kf7
{[%clk 1:30:30]} 34. Rd2 {[%clk 1:30:30]} Qe5 {[%clk 1:30:30]} 35. Rc1 {[%clk
1:30:30]} Ne6 {[%clk 1:30:30]} 36. Ba2 {[%clk 1:30:30]} Ke7 {[%clk 1:30:30]} 37.
Re2 {[%clk 1:30:30]} Qf5 {[%clk 1:30:30]} 38. Bg5+ {[%clk 1:30:30]} Qxg5 {[%clk
1:30:30]} 39. Rxe6+ {[%clk 1:30:30]} Kd7 {[%clk 1:30:30]} 40. Qc2 {[%clk
1:30:30]} Qf4 {[%clk 1:30:30]} 41. Qc6+ {[%clk 1:30:30]} Kd8 {[%clk 1:30:30]} 42.
Rxe8+ {[%clk 1:30:30]} Rxe8 {[%clk 1:30:30]} 43. Qc7# {[%clk 1:30:30]} 1-0

[Event "8th Vellmar Chess Days"]
[Site "chess24.com"]
[Date "2016.07.31"]
[Round "6"]
[White "Salecker, Phil"]
[Black "Heckmann, Torsten"]
[Result "1/2-1/2"]
[Board "49"]
[WhiteElo "1704"]
[WhiteTeam "SC FK Babenhausen"]
[WhiteCountry "GER"]
[WhiteFideId "16216580"]
[WhiteEloChange "6"]
[BlackElo "1928"]
[BlackTeam "SVG Caissa Kassel"]
[BlackCountry "GER"]
[BlackFideId "24653896"]
[BlackEloChange "-6"]

1. c4 {[%clk 1:30:30]} Nf6 {[%clk 1:30:30]} 2. g3 {[%clk 1:30:30]} g6 {[%clk
1:30:30]} 3. Bg2 {[%clk 1:30:30]} Bg7 {[%clk 1:30:30]} 4. Nc3 {[%clk 1:30:30]} c5
{[%clk 1:30:30]} 5. Nf3 {[%clk 1:30:30]} O-O {[%clk 1:30:30]} 6. O-O {[%clk
1:30:30]} Nc6 {[%clk 1:30:30]} 7. e3 {[%clk 1:30:30]} d5 {[%clk 1:30:30]} 8. cxd5
{[%clk 1:30:30]} Nxd5 {[%clk 1:30:30]} 9. a3 {[%clk 1:30:30]} Nxc3 {[%clk
1:30:30]} 10. bxc3 {[%clk 1:30:30]} c4 {[%clk 1:30:30]} 11. Rb1 {[%clk 1:30:30]}
Qc7 {[%clk 1:30:30]} 12. Nd4 {[%clk 1:30:30]} Nxd4 {[%clk 1:30:30]} 13. exd4
{[%clk 1:30:30]} Rb8 {[%clk 1:30:30]} 14. d3 {[%clk 1:30:30]} cxd3 {[%clk
1:30:30]} 15. Qxd3 {[%clk 1:30:30]} Bf5 {[%clk 1:30:30]} 16. Be4 {[%clk 1:30:30]}
Bh3 {[%clk 1:30:30]} 17. Re1 {[%clk 1:30:30]} e5 {[%clk 1:30:30]} 18. Be3 {[%clk
1:30:30]} b6 {[%clk 1:30:30]} 19. f4 {[%clk 1:30:30]} Rbd8 {[%clk 1:30:30]} 20.
Rbc1 {[%clk 1:30:30]} Be6 {[%clk 1:30:30]} 21. fxe5 {[%clk 1:30:30]} Bxe5 {[%clk
1:30:30]} 22. d5 {[%clk 1:30:30]} f5 {[%clk 1:30:30]} 23. Bg2 {[%clk 1:30:30]}
Bc8 {[%clk 1:30:30]} 24. c4 {[%clk 1:30:30]} Ba6 {[%clk 1:30:30]} 25. Bg5 {[%clk
1:30:30]} Rc8 {[%clk 1:30:30]} 26. Qb3 {[%clk 1:30:30]} Bd4+ {[%clk 1:30:30]} 27.
Kh1 {[%clk 1:30:30]} Bxc4 {[%clk 1:30:30]} 28. Rxc4 {[%clk 1:30:30]} Qxc4 {[%clk
1:30:30]} 29. Qxc4 {[%clk 1:30:30]} Rxc4 {[%clk 1:30:30]} 30. d6 {[%clk 1:30:30]}
Rcc8 {[%clk 1:30:30]} 31. d7 {[%clk 1:30:30]} Rb8 {[%clk 1:30:30]} 32. Rd1 {[%clk
1:30:30]} Bf6 {[%clk 1:30:30]} 33. Bxf6 {[%clk 1:30:30]} Rxf6 {[%clk 1:30:30]}
34. d8Q+ {[%clk 1:30:30]} Rxd8 {[%clk 1:30:30]} 35. Rxd8+ {[%clk 1:30:30]} Kg7
{[%clk 1:30:30]} 36. Bd5 {[%clk 1:30:30]} Kh6 {[%clk 1:30:30]} 37. Rd7 {[%clk
1:30:30]} Kg5 {[%clk 1:30:30]} 38. Rxa7 {[%clk 1:30:30]} Rd6 {[%clk 1:30:30]} 39.
Bg8 {[%clk 1:30:30]} h6 {[%clk 1:30:30]} 40. Bb3 {[%clk 1:30:30]} Rd3 {[%clk
1:30:30]} 41. Bc2 {[%clk 1:30:30]} Rc3 {[%clk 1:30:30]} 42. Bd1 {[%clk 1:30:30]}
f4 {[%clk 1:30:30]} 43. gxf4+ {[%clk 1:30:30]} Kxf4 {[%clk 1:30:30]} 44. Rf7+
{[%clk 1:30:30]} Ke3 {[%clk 1:30:30]} 45. Rf3+ {[%clk 1:30:30]} Kd2 {[%clk
1:30:30]} 46. Rxc3 {[%clk 1:30:30]} Kxc3 {[%clk 1:30:30]} 47. a4 {[%clk 1:30:30]}
Kd2 {[%clk 1:30:30]} 48. Bb3 {[%clk 1:30:30]} Ke3 {[%clk 1:30:30]} 49. Kg2 {[%clk
1:30:30]} Kf4 {[%clk 1:30:30]} 50. Bc2 {[%clk 1:30:30]} g5 {[%clk 1:30:30]} 51.
Bd1 {[%clk 1:30:30]} g4 {[%clk 1:30:30]} 52. Kf2 {[%clk 1:30:30]} h5 {[%clk
1:30:30]} 53. Kg2 {[%clk 1:30:30]} h4 {[%clk 1:30:30]} 54. h3 {[%clk 1:30:30]} g3
{[%clk 1:30:30]} 55. Bf3 {[%clk 1:30:30]} Ke3 {[%clk 1:30:30]} 56. Bc6 {[%clk
1:30:30]} Kf4 {[%clk 1:30:30]} 57. Kg1 {[%clk 1:30:30]} Ke3 {[%clk 1:30:30]} 58.
Kf1 {[%clk 1:30:30]} Kd2 {[%clk 1:30:30]} 59. Bd5 {[%clk 1:30:30]} Kd1 {[%clk
1:30:30]} 60. Bc4 {[%clk 1:30:30]} Kd2 {[%clk 1:30:30]} 61. Bb5 {[%clk 1:30:30]}
Ke3 {[%clk 1:30:30]} 62. Bc6 {[%clk 1:30:30]} Kd3 {[%clk 1:30:30]} 63. Ke1 {[%clk
1:30:30]} Ke3 {[%clk 1:30:30]} 64. Bh1 {[%clk 1:30:30]} Kd3 {[%clk 1:30:30]} 65.
Bb7 {[%clk 1:30:30]} Ke3 {[%clk 1:30:30]} 66. Bg2 {[%clk 1:30:30]} Kd3 {[%clk
1:30:30]} 67. Bf1+ {[%clk 1:30:30]} 1/2-1/2

[Event "8th Vellmar Chess Days"]
[Site "chess24.com"]
[Date "2016.07.31"]
[Round "6"]
[White "Reitz, Theresa"]
[Black "Retzlaff, Thomas"]
[Result "1/2-1/2"]
[Board "50"]
[WhiteElo "1824"]
[WhiteTeam "VfR-SC Koblenz"]
[WhiteCountry "GER"]
[WhiteFideId "12971901"]
[WhiteEloChange "1"]
[BlackElo "1869"]
[BlackTeam "SF Fallersleben"]
[BlackCountry "GER"]
[BlackFideId "12980633"]
[BlackEloChange "-1"]

1. e4 {[%clk 1:30:30]} c6 {[%clk 1:30:30]} 2. d4 {[%clk 1:30:30]} d5 {[%clk
1:30:30]} 3. Nc3 {[%clk 1:30:30]} dxe4 {[%clk 1:30:30]} 4. Nxe4 {[%clk 1:30:30]}
Nf6 {[%clk 1:30:30]} 5. Nxf6+ {[%clk 1:30:30]} exf6 {[%clk 1:30:30]} 6. Nf3
{[%clk 1:30:30]} Bd6 {[%clk 1:30:30]} 7. Be3 {[%clk 1:30:30]} O-O {[%clk
1:30:30]} 8. Bd3 {[%clk 1:30:30]} Bg4 {[%clk 1:30:30]} 9. O-O {[%clk 1:30:30]}
Qc7 {[%clk 1:30:30]} 10. h3 {[%clk 1:30:30]} Bh5 {[%clk 1:30:30]} 11. c3 {[%clk
1:30:30]} Nd7 {[%clk 1:30:30]} 12. Be2 {[%clk 1:30:30]} Rfe8 {[%clk 1:30:30]} 13.
Nh4 {[%clk 1:30:30]} Bxe2 {[%clk 1:30:30]} 14. Qxe2 {[%clk 1:30:30]} Re4 {[%clk
1:30:30]} 15. Nf5 {[%clk 1:30:30]} Bf4 {[%clk 1:30:30]} 16. Qd3 {[%clk 1:30:30]}
Rae8 {[%clk 1:30:30]} 17. Rae1 {[%clk 1:30:30]} Bxe3 {[%clk 1:30:30]} 18. Rxe3
{[%clk 1:30:30]} Qf4 {[%clk 1:30:30]} 19. Rxe4 {[%clk 1:30:30]} Qxe4 {[%clk
1:30:30]} 20. Qxe4 {[%clk 1:30:30]} Rxe4 {[%clk 1:30:30]} 21. Nd6 {[%clk
1:30:30]} Re2 {[%clk 1:30:30]} 22. Rb1 {[%clk 1:30:30]} b5 {[%clk 1:30:30]} 23.
Kf1 {[%clk 1:30:30]} Re6 {[%clk 1:30:30]} 24. Nc8 {[%clk 1:30:30]} a6 {[%clk
1:30:30]} 25. Re1 {[%clk 1:30:30]} Kf8 {[%clk 1:30:30]} 26. Re2 {[%clk 1:30:30]}
Ke8 {[%clk 1:30:30]} 27. Nd6+ {[%clk 1:30:30]} Ke7 {[%clk 1:30:30]} 28. Nf5+
{[%clk 1:30:30]} Kf8 {[%clk 1:30:30]} 29. Rd2 {[%clk 1:30:30]} Nb6 {[%clk
1:30:30]} 30. b3 {[%clk 1:30:30]} g6 {[%clk 1:30:30]} 31. Ne3 {[%clk 1:30:30]}
Nd5 {[%clk 1:30:30]} 32. Nxd5 {[%clk 1:30:30]} cxd5 {[%clk 1:30:30]} 33. Rd3
{[%clk 1:30:30]} Ke7 {[%clk 1:30:30]} 34. Rd2 {[%clk 1:30:30]} f5 {[%clk
1:30:30]} 35. Re2 {[%clk 1:30:30]} f4 {[%clk 1:30:30]} 36. Ke1 {[%clk 1:30:30]}
Kf6 {[%clk 1:30:30]} 37. Rxe6+ {[%clk 1:30:30]} fxe6 {[%clk 1:30:30]} 38. Ke2
{[%clk 1:30:30]} Kf5 {[%clk 1:30:30]} 39. Kd3 {[%clk 1:30:30]} e5 {[%clk
1:30:30]} 40. dxe5 {[%clk 1:30:30]} Kxe5 {[%clk 1:30:30]} 41. h4 {[%clk 1:30:30]}
h6 {[%clk 1:30:30]} 42. f3 {[%clk 1:30:30]} a5 {[%clk 1:30:30]} 43. a3 {[%clk
1:30:30]} h5 {[%clk 1:30:30]} 44. c4 {[%clk 1:30:30]} dxc4+ {[%clk 1:30:30]} 45.
bxc4 {[%clk 1:30:30]} b4 {[%clk 1:30:30]} 46. axb4 {[%clk 1:30:30]} axb4 {[%clk
1:30:30]} 47. c5 {[%clk 1:30:30]} Kd5 {[%clk 1:30:30]} 48. c6 {[%clk 1:30:30]}
Kxc6 {[%clk 1:30:30]} 49. Kc4 {[%clk 1:30:30]} b3 {[%clk 1:30:30]} 1/2-1/2

[Event "8th Vellmar Chess Days"]
[Site "chess24.com"]
[Date "2016.07.31"]
[Round "6"]
[White "Fischer, Andreas"]
[Black "Marzec, Witold"]
[Result "1-0"]
[Board "51"]
[WhiteElo "1859"]
[WhiteTeam "SK Bad Sooden-Allendorf"]
[WhiteCountry "GER"]
[WhiteFideId "1270053"]
[WhiteEloChange "8"]
[BlackElo "1777"]
[BlackTeam "vereinslos"]
[BlackCountry "GER"]
[BlackFideId "1270680"]
[BlackEloChange "-8"]

1. e4 {[%clk 1:30:30]} c5 {[%clk 1:30:30]} 2. Nc3 {[%clk 1:30:30]} e5 {[%clk
1:30:30]} 3. Bc4 {[%clk 1:30:30]} Nf6 {[%clk 1:30:30]} 4. f4 {[%clk 1:30:30]} d6
{[%clk 1:30:30]} 5. Nf3 {[%clk 1:30:30]} Bg4 {[%clk 1:30:30]} 6. d3 {[%clk
1:30:30]} Nc6 {[%clk 1:30:30]} 7. Nd5 {[%clk 1:30:30]} Be7 {[%clk 1:30:30]} 8.
O-O {[%clk 1:30:30]} O-O {[%clk 1:30:30]} 9. c3 {[%clk 1:30:30]} Na5 {[%clk
1:30:30]} 10. Nxe7+ {[%clk 1:30:30]} Qxe7 {[%clk 1:30:30]} 11. Bb5 {[%clk
1:30:30]} a6 {[%clk 1:30:30]} 12. Ba4 {[%clk 1:30:30]} b5 {[%clk 1:30:30]} 13.
Bc2 {[%clk 1:30:30]} Nc6 {[%clk 1:30:30]} 14. Qe1 {[%clk 1:30:30]} exf4 {[%clk
1:30:30]} 15. Bxf4 {[%clk 1:30:30]} Nh5 {[%clk 1:30:30]} 16. Bg5 {[%clk 1:30:30]}
f6 {[%clk 1:30:30]} 17. Bd2 {[%clk 1:30:30]} f5 {[%clk 1:30:30]} 18. Bb3+ {[%clk
1:30:30]} Kh8 {[%clk 1:30:30]} 19. Bd5 {[%clk 1:30:30]} Qd7 {[%clk 1:30:30]} 20.
Qh4 {[%clk 1:30:30]} Bxf3 {[%clk 1:30:30]} 21. Rxf3 {[%clk 1:30:30]} Nf6 {[%clk
1:30:30]} 22. Bxc6 {[%clk 1:30:30]} Qxc6 {[%clk 1:30:30]} 23. Raf1 {[%clk
1:30:30]} fxe4 {[%clk 1:30:30]} 24. dxe4 {[%clk 1:30:30]} Nd7 {[%clk 1:30:30]}
25. Qe7 {[%clk 1:30:30]} Kg8 {[%clk 1:30:30]} 26. Qe6+ {[%clk 1:30:30]} Kh8
{[%clk 1:30:30]} 27. Qxd7 {[%clk 1:30:30]} 1-0

[Event "8th Vellmar Chess Days"]
[Site "chess24.com"]
[Date "2016.07.31"]
[Round "6"]
[White "Helmer, Andreas"]
[Black "Mao, Yvonne"]
[Result "1/2-1/2"]
[Board "52"]
[WhiteElo "1630"]
[WhiteTeam "Hamelner SV"]
[WhiteCountry "GER"]
[WhiteFideId "12956627"]
[WhiteEloChange "3"]
[BlackElo "1733"]
[BlackTeam "SK Gernsheim"]
[BlackCountry "GER"]
[BlackFideId "12942561"]
[BlackEloChange "-3"]

1. d4 {[%clk 1:30:30]} Nf6 {[%clk 1:30:30]} 2. Nf3 {[%clk 1:30:30]} d6 {[%clk
1:30:30]} 3. Nbd2 {[%clk 1:30:30]} g6 {[%clk 1:30:30]} 4. e4 {[%clk 1:30:30]} Bg7
{[%clk 1:30:30]} 5. c3 {[%clk 1:30:30]} O-O {[%clk 1:30:30]} 6. Bd3 {[%clk
1:30:30]} c5 {[%clk 1:30:30]} 7. Nf1 {[%clk 1:30:30]} Bg4 {[%clk 1:30:30]} 8. Ng3
{[%clk 1:30:30]} Nc6 {[%clk 1:30:30]} 9. Be3 {[%clk 1:30:30]} cxd4 {[%clk
1:30:30]} 10. cxd4 {[%clk 1:30:30]} Nd7 {[%clk 1:30:30]} 11. Be2 {[%clk 1:30:30]}
Qa5+ {[%clk 1:30:30]} 12. Nd2 {[%clk 1:30:30]} Bxe2 {[%clk 1:30:30]} 13. Nxe2
{[%clk 1:30:30]} Qb4 {[%clk 1:30:30]} 14. Qb3 {[%clk 1:30:30]} Qxb3 {[%clk
1:30:30]} 15. Nxb3 {[%clk 1:30:30]} Nb4 {[%clk 1:30:30]} 16. Kd2 {[%clk 1:30:30]}
Rfc8 {[%clk 1:30:30]} 17. Rhc1 {[%clk 1:30:30]} Nb6 {[%clk 1:30:30]} 18. Na5
{[%clk 1:30:30]} Na4 {[%clk 1:30:30]} 19. a3 {[%clk 1:30:30]} Na6 {[%clk
1:30:30]} 20. b3 {[%clk 1:30:30]} N4c5 {[%clk 1:30:30]} 21. f3 {[%clk 1:30:30]}
b6 {[%clk 1:30:30]} 22. b4 {[%clk 1:30:30]} bxa5 {[%clk 1:30:30]} 23. bxc5 {[%clk
1:30:30]} dxc5 {[%clk 1:30:30]} 24. Rab1 {[%clk 1:30:30]} cxd4 {[%clk 1:30:30]}
25. Rxc8+ {[%clk 1:30:30]} Rxc8 {[%clk 1:30:30]} 26. Bxd4 {[%clk 1:30:30]} Rd8
{[%clk 1:30:30]} 27. Ke3 {[%clk 1:30:30]} Bxd4+ {[%clk 1:30:30]} 28. Nxd4 {[%clk
1:30:30]} Rc8 {[%clk 1:30:30]} 29. Kd2 {[%clk 1:30:30]} e5 {[%clk 1:30:30]} 30.
Ne2 {[%clk 1:30:30]} Rd8+ {[%clk 1:30:30]} 31. Ke3 {[%clk 1:30:30]} Rb8 {[%clk
1:30:30]} 32. Rxb8+ {[%clk 1:30:30]} Nxb8 {[%clk 1:30:30]} 33. Kd3 {[%clk
1:30:30]} Nd7 {[%clk 1:30:30]} 34. Kc4 {[%clk 1:30:30]} Nb6+ {[%clk 1:30:30]} 35.
Kb5 {[%clk 1:30:30]} f5 {[%clk 1:30:30]} 36. Nc3 {[%clk 1:30:30]} Kf7 {[%clk
1:30:30]} 37. Na4 {[%clk 1:30:30]} Nc8 {[%clk 1:30:30]} 38. Kc6 {[%clk 1:30:30]}
Ke7 {[%clk 1:30:30]} 39. Nc5 {[%clk 1:30:30]} Nb6 {[%clk 1:30:30]} 40. a4 {[%clk
1:30:30]} fxe4 {[%clk 1:30:30]} 41. fxe4 {[%clk 1:30:30]} Nc4 {[%clk 1:30:30]}
42. Kd5 {[%clk 1:30:30]} Ne3+ {[%clk 1:30:30]} 43. Kxe5 {[%clk 1:30:30]} Nxg2
{[%clk 1:30:30]} 44. Nb7 {[%clk 1:30:30]} Ne1 {[%clk 1:30:30]} 45. Kd5 {[%clk
1:30:30]} Nf3 {[%clk 1:30:30]} 46. Nxa5 {[%clk 1:30:30]} Nxh2 {[%clk 1:30:30]}
47. Nc6+ {[%clk 1:30:30]} Ke8 {[%clk 1:30:30]} 48. Nxa7 {[%clk 1:30:30]} Ng4
{[%clk 1:30:30]} 49. Ke6 {[%clk 1:30:30]} h5 {[%clk 1:30:30]} 50. Nb5 {[%clk
1:30:30]} Nf2 {[%clk 1:30:30]} 51. Nc3 {[%clk 1:30:30]} Nd3 {[%clk 1:30:30]}
1/2-1/2

[Event "8th Vellmar Chess Days"]
[Site "chess24.com"]
[Date "2016.07.31"]
[Round "6"]
[White "Kanbach, Mike"]
[Black "Pabst, Olaf"]
[Result "1-0"]
[Board "53"]
[WhiteElo "1867"]
[WhiteTeam "SP Plesse Bovenden"]
[WhiteCountry "GER"]
[WhiteFideId "12974536"]
[WhiteEloChange "4"]
[BlackElo "1613"]
[BlackTeam "SF Korbach"]
[BlackCountry "GER"]
[BlackFideId "24654833"]
[BlackEloChange "-4"]

1. d4 {[%clk 1:30:30]} e6 {[%clk 1:30:30]} 2. Nf3 {[%clk 1:30:30]} f5 {[%clk
1:30:30]} 3. c3 {[%clk 1:30:30]} Nf6 {[%clk 1:30:30]} 4. Bg5 {[%clk 1:30:30]} Be7
{[%clk 1:30:30]} 5. Nbd2 {[%clk 1:30:30]} Ne4 {[%clk 1:30:30]} 6. Bxe7 {[%clk
1:30:30]} Qxe7 {[%clk 1:30:30]} 7. Qc2 {[%clk 1:30:30]} d5 {[%clk 1:30:30]} 8. g3
{[%clk 1:30:30]} Nd7 {[%clk 1:30:30]} 9. Bg2 {[%clk 1:30:30]} O-O {[%clk
1:30:30]} 10. O-O {[%clk 1:30:30]} b6 {[%clk 1:30:30]} 11. c4 {[%clk 1:30:30]}
Nxd2 {[%clk 1:30:30]} 12. Nxd2 {[%clk 1:30:30]} Nf6 {[%clk 1:30:30]} 13. cxd5
{[%clk 1:30:30]} exd5 {[%clk 1:30:30]} 14. Rac1 {[%clk 1:30:30]} Be6 {[%clk
1:30:30]} 15. Qxc7 {[%clk 1:30:30]} Qb4 {[%clk 1:30:30]} 16. Qc3 {[%clk 1:30:30]}
Qxc3 {[%clk 1:30:30]} 17. Rxc3 {[%clk 1:30:30]} Rfc8 {[%clk 1:30:30]} 18. Rfc1
{[%clk 1:30:30]} Rxc3 {[%clk 1:30:30]} 19. Rxc3 {[%clk 1:30:30]} Rc8 {[%clk
1:30:30]} 20. Rxc8+ {[%clk 1:30:30]} Bxc8 {[%clk 1:30:30]} 21. f3 {[%clk
1:30:30]} Bb7 {[%clk 1:30:30]} 22. Bh3 {[%clk 1:30:30]} g6 {[%clk 1:30:30]} 23.
e3 {[%clk 1:30:30]} Kf7 {[%clk 1:30:30]} 24. Kf2 {[%clk 1:30:30]} Ke7 {[%clk
1:30:30]} 25. g4 {[%clk 1:30:30]} fxg4 {[%clk 1:30:30]} 26. Bxg4 {[%clk 1:30:30]}
h5 {[%clk 1:30:30]} 27. Bh3 {[%clk 1:30:30]} Ne8 {[%clk 1:30:30]} 28. e4 {[%clk
1:30:30]} Nd6 {[%clk 1:30:30]} 29. Ke3 {[%clk 1:30:30]} dxe4 {[%clk 1:30:30]} 30.
fxe4 {[%clk 1:30:30]} g5 {[%clk 1:30:30]} 31. e5 {[%clk 1:30:30]} Nf7 {[%clk
1:30:30]} 32. Ne4 {[%clk 1:30:30]} Bxe4 {[%clk 1:30:30]} 33. Kxe4 {[%clk
1:30:30]} g4 {[%clk 1:30:30]} 34. Bg2 {[%clk 1:30:30]} Ng5+ {[%clk 1:30:30]} 35.
Kf4 {[%clk 1:30:30]} Ne6+ {[%clk 1:30:30]} 36. Ke3 {[%clk 1:30:30]} Ng5 {[%clk
1:30:30]} 37. d5 {[%clk 1:30:30]} Nf7 {[%clk 1:30:30]} 38. Kf4 {[%clk 1:30:30]}
Nd8 {[%clk 1:30:30]} 39. Kg5 {[%clk 1:30:30]} Nf7+ {[%clk 1:30:30]} 40. Kf5
{[%clk 1:30:30]} Nh6+ {[%clk 1:30:30]} 41. Kg6 {[%clk 1:30:30]} Nf7 {[%clk
1:30:30]} 42. d6+ {[%clk 1:30:30]} Kf8 {[%clk 1:30:30]} 43. Kf6 {[%clk 1:30:30]}
h4 {[%clk 1:30:30]} 44. d7 {[%clk 1:30:30]} Nd8 {[%clk 1:30:30]} 45. e6 {[%clk
1:30:30]} 1-0